V-Letter Subdivisions of Europe - Statistics

General Stats
  • This quiz has been taken 19 times
    2 since last reset
  • The average score is 47 of 69
Answer Stats
Country Subdivision Type Answer % Correct
Liechtenstein Municipality Vaduz
100%
Switzerland Canton Valais
100%
Spain Community Valencia
100%
Estonia County Valga
100%
Hungary County Vas
100%
Sweden County Västernorrland
100%
Sweden County Västra Götaland
100%
Switzerland Canton Vaud
100%
Italy Region Veneto
100%
Latvia City Ventspils
100%
Latvia Municipality Ventspils
100%
Norway Region Vestland
100%
Hungary County Veszprém
100%
Portugal District Viana do Castelo
100%
Bulgaria Province Vidin
100%
Austria State Vienna
100%
Portugal District Vila Real
100%
Estonia County Viljandi
100%
Lithuania County Vilnius
100%
Ukriane Region Vinnytsia
100%
Portugal District Viseu
100%
Belarus Region Vitebsk
100%
Russia Region Vladimir
100%
Albania County Vlorë
100%
Russia Region Volgograd
100%
Russia Region Vologda
100%
Ukraine Region Volyn
100%
Austria State Vorarlberg
100%
Russia Region Voronezh
100%
Estonia County Võru
100%
Czech Republic Region Vysočina
100%
North Macedonia Municipality Valandovo
50%
Romania County Vâlcea
50%
Latvia Municipality Valka
50%
Latvia Municipality Valmiera
50%
Sweden County Värmland
50%
Bulgaria Province Varna
50%
North Macedonia Municipality Vasilevo
50%
Romania County Vaslui
50%
Sweden County Västerbotten
50%
North Macedonia Municipality Veles
50%
Bulgaria Province Veliko Tarnovo
50%
Slovenia Municipality Veržej
50%
Norway Region Vestfold
50%
Iceland Municipality Vestmannaeyjar
50%
Iceland Municipality Vesturbyggð
50%
North Macedonia Municipality Vevčani
50%
Luxembourg Canton Vianden
50%
Slovenia Municipality Videm
50%
North Macedonia Municipality Vinica
50%
Slovenia Municipality Vipava
50%
Slovenia Municipality Vitanje
50%
Slovenia Municipality Vodice
50%
Iceland Municipality Vogar
50%
Slovenia Municipality Vojnik
50%
Iceland Municipality Vopnafjarðarhreppur
50%
Romania County Vrancea
50%
Slovenia Municipality Vransko
50%
North Macedonia Municipality Vrapčište
50%
Bulgaria Province Vratsa
50%
Slovenia Municipality Vrhnika
50%
Slovenia Municipality Vuzenica
50%
Croatia County Varaždin
0%
Sweden County Västmanland
0%
Slovenia City Velenje
0%
Slovenia Municipality Velika Polana
0%
Slovenia Municipality Velike Lašče
0%
Croatia County Virovitica-Podravina
0%
Croatia County Vukovar-Srijem
0%
No matching quizzes found
Score Distribution
Percent of People with Each Score
Percentile by Number Answered
Your Score History
You have not taken this quiz since the last reset